00421nam a22001697a 4500003000400000005001700004008004100021020001500062040002900077050002200106100002100128245002800149250001200177260002500189300000900214650002800223OSt20260703155038.0260703b |||||||| |||| 00| 0 eng d a0812096487 cChuka university library aPE 1112 .D5 1997  aHarriet Diamond aGrammar in plan english a3rd Ed. aUSAbBarron's c1997 a358p aGrammar in plan english